Fizika tverdogo tela : Struktura tiordogo tela i magnitnyje javlenija. Specpraktikum /

Saved in:
Bibliographic Details
Other Authors: Kacneľson, Aľbert Anatoľjevič (Compiler), Krinčik, Georgij Sergejevič (Compiler)
Format: Book
Language:Russian
Published: Moskva : Moskovskij Universitet, 1982
Tags: Add Tag
No Tags, Be the first to tag this record!

MARC

LEADER 00000nam a22000003a 4500
001 stu140613
005 20150617225925.3
008 070430s1982------------------------rus-d
040 |a STU  |b slo 
041 0 |a rus 
080 |a 538.9  |7 stu_us_auth*stu7967 
100 1 |a Kacneľson, Aľbert Anatoľjevič  |4 com 
245 1 |a Fizika tverdogo tela :  |b Struktura tiordogo tela i magnitnyje javlenija. Specpraktikum /  |c Red.: Kacneľson, A.A., Krinčik, G.S. 
260 |a Moskva :  |b Moskovskij Universitet,  |c 1982 
300 |a 303 s 
700 1 |a Krinčik, Georgij Sergejevič  |4 com 
996 |b E50877  |c E*50877  |l EE10  |s P  |a 0  |w stu140613_0002